| Tag |
First Indicator |
Second Indicator |
Subfields |
| LEADER |
00000cam a2200000 4500 |
| 001 |
in00000095069 |
| 005 |
20150927110632.0 |
| 008 |
740507r19731956nyua 00100 eng |
| 010 |
|
|
|a 73084538
|
| 020 |
|
|
|a 0817406840
|c $12.95
|
| 035 |
|
|
|a (OCoLC)00914599
|
| 035 |
|
|
|9 AAL6949AM
|
| 040 |
|
|
|a DLC
|c DLC
|d TXA
|d UtOrBLW
|
| 049 |
|
|
|a TXAM
|c [1231794]
|
| 050 |
0 |
0 |
|a TR729.B5
|b W37 1973b
|
| 082 |
0 |
|
|a 778.9/32
|
| 100 |
1 |
|
|a Warham, John.
|
| 245 |
1 |
4 |
|a The technique of bird photography.
|
| 250 |
|
|
|a [3d ed. rev.].
|
| 264 |
|
1 |
|a Garden City, N.Y. :
|b Amphoto,
|c [1973]
|
| 300 |
|
|
|a 218 pages :
|b illustrations ;
|c 23 cm.
|
| 336 |
|
|
|a text
|b txt
|2 rdacontent
|
| 337 |
|
|
|a unmediated
|b n
|2 rdamedia
|
| 338 |
|
|
|a volume
|b nc
|2 rdacarrier
|
| 500 |
|
|
|a First published in 1956 under title: The technique of photographing birds.
|
| 650 |
|
0 |
|a Photography of birds.
|
| 740 |
0 |
|
|a Bird photography.
|
| 999 |
|
|
|a MARS
|
| 999 |
f |
f |
|s ae42d564-7fb0-30a1-a112-76c1a65e6532
|i 481191a5-c41d-37f9-abad-8c753037d3d0
|t 0
|
| 952 |
f |
f |
|p ric
|a Texas A&M University
|b Rellis Campus
|c Joint Library Facility
|d Remote Storage
|t 0
|e TR729.B5 W37 1973b
|h Library of Congress classification
|i unmediated -- volume
|m A14805631277
|
| 998 |
f |
f |
|a TR729.B5 W37 1973b
|t 0
|l Remote Storage
|